LIBRARY & INFORMATION CENTRE, KCAET, TAVANUR

ONLINE PUBLIC ACCESS CATALOGUE (OPAC)

Benjamin Franklin`s autobiography / (Record no. 415)

MARC details
000 -LEADER
fixed length control field 00469cam a2200169ua 4500
041 ## - LANGUAGE CODE
Language code of text/sound track or separate title eng
082 ## - DEWEY DECIMAL CLASSIFICATION NUMBER
Classification number 925.3
Item number MAC/BE
100 ## - MAIN ENTRY--AUTHOR NAME
Personal name MacDonald, W .
245 ## - TITLE STATEMENT
Title Benjamin Franklin`s autobiography /
260 ## - PUBLICATION, DISTRIBUTION, ETC. (IMPRINT)
Place of publication London :
Name of publisher J M Dent and Sons Ltd ,
Year of publication 1960.
300 ## - PHYSICAL DESCRIPTION
Number of Pages 240 ; .
490 0# - SERIES STATEMENT
Series statement Everyman`s Library,
Volume number/sequential designation 316
650 ## - SUBJECT ADDED ENTRY--TOPICAL TERM
Topical Term Autbiography
942 ## - ADDED ENTRY ELEMENTS (KOHA)
Koha item type Books
Holdings
Withdrawn status Lost status Damaged status Home library Current library Date acquired Full call number Accession Number Koha item type Public note
Withdrawn     KAUAET KAUAET 07/04/2012 925.3 4389 Books Deleted
free website counter